Statistiques concernant Noms des villes belges en allemand

Cliquez ici pour prendre le quiz!

Statistiques générales

  • Ce quiz a été pris 42 fois
  • Le résultat moyen est 9 sur 18

Statistiques - réponses

FrançaisAllemand% Correct
BruxellesBrüssel
100%
GandGent
89%
AnversAntwerpen
83%
BrugesBrügge
78%
LimbourgLimburg
72%
LiègeLüttich
58%
MonsBergen
56%
ArlonArel
53%
OstendOstende
47%
Saint-VithSankt Vith
47%
AlostAalst
44%
CourtraiKortrijk
33%
LouvainLöwen
31%
La CalamineKelmis
28%
YpresYpern
19%
MalinesMecheln
14%
MalmedyMalmünde
8%
StavelotStablo
8%

Distribution des résultats

Percentile par nombre de réponses

% des personnes avec chaque résultat

Votre développement - résultats

Vous n’avez pas pris ce quiz